000 00455nam a2200157Ia 4500
008 240729s9999 xx 000 0 und d
022 _a1307-9298
245 0 _aInternational Electronic Journal of Elementary Education
260 _aTürkiye
260 _bKura Publishing
650 _a Theory and practice of education
650 _aEducation
856 _uhttps://doaj.org/toc/9f238b23a9eb4e95b9ac76ba7b73d312
942 _2ddc
942 _cDOAJEJ
999 _c68551
_d68551
945 _a1
_bMadushi Gamage
_c1
_dMadushi Gamage